000 00365nam a2200157Ia 4500
003 OSt
005 20240124103758.0
008 170523s9999 xx 000 0 und d
020 _a978-0070220874
040 _cIIMT UNIVERSITY
100 _aNARGUNDKAR- RAJENDRA
245 0 _aMARKETING RESEARCH
260 _bTATA MC GRAW HILL
260 _c2004
942 _2ddc
_c01
999 _c1298
_d1298